Human Temperature Control A Quantitative Approach /

The principal objective of this book is to provide information needed to define human thermal behavior quantitatively. Human thermal physiology is defined using mathematical methods routinely employed by physicists and engineers, but seldom used by physiologists. Major sections of the book are devot...

Full description

Bibliographic Details
Main Author: Wissler, Eugene H. (Author, http://id.loc.gov/vocabulary/relators/aut)
Corporate Author: SpringerLink (Online service)
Format: Electronic eBook
Language:English
Published: Berlin, Heidelberg : Springer Berlin Heidelberg : Imprint: Springer, 2018.
Edition:1st ed. 2018.
Subjects:
Online Access:Full Text via HEAL-Link
LEADER 02992nam a2200505 4500
001 978-3-662-57397-6
003 DE-He213
005 20191011151008.0
007 cr nn 008mamaa
008 181029s2018 gw | s |||| 0|eng d
020 |a 9783662573976  |9 978-3-662-57397-6 
024 7 |a 10.1007/978-3-662-57397-6  |2 doi 
040 |d GrThAP 
050 4 |a QP34-38 
072 7 |a MFG  |2 bicssc 
072 7 |a MED075000  |2 bisacsh 
072 7 |a MFG  |2 thema 
082 0 4 |a 612  |2 23 
100 1 |a Wissler, Eugene H.  |e author.  |4 aut  |4 http://id.loc.gov/vocabulary/relators/aut 
245 1 0 |a Human Temperature Control  |h [electronic resource] :  |b A Quantitative Approach /  |c by Eugene H. Wissler. 
250 |a 1st ed. 2018. 
264 1 |a Berlin, Heidelberg :  |b Springer Berlin Heidelberg :  |b Imprint: Springer,  |c 2018. 
300 |a XIV, 425 p. 165 illus., 30 illus. in color.  |b online resource. 
336 |a text  |b txt  |2 rdacontent 
337 |a computer  |b c  |2 rdamedia 
338 |a online resource  |b cr  |2 rdacarrier 
347 |a text file  |b PDF  |2 rda 
505 0 |a Animal Heat and Thermal Regulation -- Conservation of Energy -- Temperature Measurement -- Circulation -- Sweating -- Shivering -- Temperature Distribution in the Body -- Clothing -- Heat and Mass Transfer from the Skin and Clothing. . 
520 |a The principal objective of this book is to provide information needed to define human thermal behavior quantitatively. Human thermal physiology is defined using mathematical methods routinely employed by physicists and engineers, but seldom used by physiologists. Major sections of the book are devoted to blood flow, sweating, shivering, heat transfer within the body, and heat and mass transfer from skin and clothing to the environment. Simple algebraic models based on experimental data from a century of physiological investigation are developed for bodily processes. The book offers an invaluable source of information for physiologists and physical scientists interested in quantitative approaches to the fascinating field of human thermoregulation. 
650 0 |a Human physiology. 
650 0 |a Thermodynamics. 
650 0 |a Biochemical engineering. 
650 0 |a Neurosciences. 
650 1 4 |a Human Physiology.  |0 http://scigraph.springernature.com/things/product-market-codes/B13004 
650 2 4 |a Thermodynamics.  |0 http://scigraph.springernature.com/things/product-market-codes/P21050 
650 2 4 |a Biochemical Engineering.  |0 http://scigraph.springernature.com/things/product-market-codes/C12029 
650 2 4 |a Neurosciences.  |0 http://scigraph.springernature.com/things/product-market-codes/B18006 
710 2 |a SpringerLink (Online service) 
773 0 |t Springer eBooks 
776 0 8 |i Printed edition:  |z 9783662573952 
776 0 8 |i Printed edition:  |z 9783662573969 
776 0 8 |i Printed edition:  |z 9783662585962 
856 4 0 |u https://doi.org/10.1007/978-3-662-57397-6  |z Full Text via HEAL-Link 
912 |a ZDB-2-SBL 
950 |a Biomedical and Life Sciences (Springer-11642)